000 00481cam a22001934a 4500
005 20250605164319.0
008 250528s ||||||||||||||||||||||||d
035 _a22813
020 _a9780333593882
040 _aGR-AtMCL
_bgre
_dGR-AtMCL
_eAACR2
245 1 _aINTRODUCTION TO STOCK EXCHANGE INVESTMENT
250 _a2
260 _bMacmillan Press Ltd,
_c1993
300 _a445
700 1 _aRutterford Janette
_91629
942 _cBK
999 _c7858
_d7858